Szczegóły MARC21

Slovar' sinonimov russkogo âzyka : v dvuh tomah. T. 2, O - Â /

003 -Nazwa inst., której nr kontr. jest w polu 001 [,]
    • @
    • Nazwa instytucji, której n kontrolny jest w polu 001
    • NUKAT
005 -DATA I CZAS OSTATNIEJ MODYFIKACJI [,]
    • @
    • pole kontrolne
    • 20241231103702.0
040 -Instytucja sporządzająca opis [ , ]
    • a
    • Instytucja, która sporządziła opis (NP)
    • KR 197/JMK
    • c
    • Instytucja, która sporządziła rekord (NP)
    • KR 197/JMK
    • d
    • Instytucja, która zmodyfikowała rekord (P)
    • KR 197/RA
    • d
    • Instytucja, która zmodyfikowała rekord (P)
    • KR 197/RRs
    • d
    • Instytucja, która zmodyfikowała rekord (P)
    • OLSZT 003/DK
942 -Rodzaj dokumentu [ , ]
    • c
    • Rodzaj dokumentu
    • Książka
245 -Strefa tytułu i oznaczenia odpowiedzialności [0,0]
    • a
    • Tytuł
    • Slovar' sinonimov russkogo âzyka : Find
    • b
    • Ciąg dalszy tytułu (NP)
    • v dvuh tomah. Find
    • n
    • Oznaczenie części (P)
    • T. 2,
    • p
    • Nazwa części (P)
    • O - Â /
    • c
    • Pozostałe elementy strefy tytułu i oznaczenia odpowiedzialności (NP)
    • [gl. red. A. P. Evgen'eva] ; Akademiâ Nauk SSSR Institut Russkogo Âzyka.
260 -Strefa adresu wydawniczego [ , ]
    • a
    • Miejsce wydania (P)
    • Leningrad :
    • b
    • Nazwa wydawcy (P)
    • Izdatel'stvo "Nauka". Leningradskoe otdelenie,
    • c
    • Data wydania (P)
    • 1971.
300 -Strefa opisu fizycznego [ , ]
    • a
    • Określenie formy książki i/lub objętość (NP)
    • 856 s. :
    • b
    • Oznaczenie ilustracji (NP)
    • err. ;
    • c
    • Format (NP)
    • 27 cm.
336 -Typ zawartości [ , ]
    • a
    • Termin opisujący typ zawartości
    • Tekst
    • b
    • Kod określający zawartość
    • txt
    • 2
    • Źródło (terminu i kodu)
    • rdacontent
337 -Typ mediów [ , ]
    • a
    • Tryb odtwarzania
    • Bez urządzenia pośredniczącego
    • b
    • Kod typu mediów
    • n
    • 2
    • Źródło (terminu i kodu)
    • rdamedia
338 -Typ/rodzaj nośnika [ , ]
    • a
    • Hasło opisujące typ nośnika
    • Wolumin
    • b
    • Kod typu nośnika
    • nc
    • 2
    • Źródło (terminu i kodu)
    • rdacarrier
500 -Uwaga ogólna [ , ]
    • a
    • Uwaga ogólna (NP)
    • Druk dwuszpaltowy.
650 -Hasło przedmiotowe [ ,7]
    • a
    • Hasło przedmiotowe
    • Język rosyjski
    • x
    • Określnik rzeczowy
    • synonimy i antonimy
    • v
    • Określnik formalny
    • słowniki.
    • 2
    • Źródło terminu
    • kaba
    • 9
    • KHW
    • 365839
700 -Hasło dodatkowe - nazwa osobowa [1, ]
    • a
    • Nazwa osobowa (NP)
    • Evgenʹeva, Anastasiâ Petrovna Find
    • d
    • Daty biograficzne (NP)
    • (1899-1985).
    • e
    • Określenie rodzaju współpracy
    • Red.
    • 9
    • KHW
    • 38627
710 -Hasło dodatkowe - nazwa ciała zbiorowego [2, ]
    • a
    • Nazwa ciała zbiorowego lub nazwa geograficzna jako pierwszy element (NP)
    • Izdatelʹstvo "Nauka".
    • 4
    • Kod relacji
    • pbl
    • 9
    • KHW
    • 54307
Sygnatura Numer inwentarzowy Status udost. Uwagi nie widoczne w OPAC Lokalizacja Data inwentaryzacji
W.2800W.95382[n]retrokonwersjaBG
W.2800W.9539-3[n]retrokonwersjaBG
W.2800W.9540-3[n]retrokonwersjaBG
W.2800W.95412[n]retrokonwersjaBG
Z.4688Z.46882[n]retrokonwersjaBG 
Z.10547Z.105471[n]retrokonwersjaBG 
ROS. Słowniki synonimów 02R.68901[n]retrokonwersjaBM